Tomás Barros (Record no. 180914)

MARC details
000 -LEADER
campo de control de longitud fija 00485ntm a2200157 i 4500
001 - NÚMERO DE CONTROL
campo de control 180914
003 - IDENTIFICADOR DE NÚMERO DE CONTROL
campo de control ES-MaACL
005 - FECHA Y HORA DE LA ÚLTIMA TRANSACCIÓN
campo de control 20230906221221.0
008 - DATOS DE LONGITUD FIJA--INFORMACIÓN GENERAL
campo de control de longitud fija 120828q2001 sp |||| |bspa d
245 00 - MENCIÓN DEL TÍTULO
Título Tomás Barros
Resto del título : (Toledo 1922- A Coruña 1986) : bio-bibliografía.
260 ## - PUBLICACIÓN, DISTRIBUCIÓN, ETC.
Lugar de publicación, distribución, etc. [S.l. :
Nombre del editor, distribuidor, etc. s.n.,
Fecha de publicación, distribución, etc. h. 2001]
300 ## - DESCRIPCIÓN FÍSICA
Extensión 26 h. ;
Dimensiones 30 cm.
597 ## - NOTA DE DESCRIPCIÓN FÍSICA
NOTA DE DESCRIPCIÓN FÍSICA Ejemp. mecanografiado.
600 14 - PUNTO DE ACCESO ADICIONAL DE MATERIA--NOMBRE DE PERSONA
Nombre de persona Barros, Tomás (
Fechas asociadas al nombre 1922-1986)
9 (RLIN) 26051
852 ## - LOCALIZACIÓN
Ubicación ES-MaACL
Número de control de estantería 2124-F-8
Nota libre - Enc. canutillo
Holdings
Estatus retirado Estado de pérdida Estado de daño No para préstamo Colección Biblioteca de origen Biblioteca actual Ubicación en estantería Fecha de adquisición Fuente de adquisición Total de préstamos Signatura topográfica completa Código de barras Visto por última vez Precio de reemplazo Tipo de ítem Koha
        Colección de folletos Biblioteca del Ateneo de Madrid Biblioteca del Ateneo de Madrid Depósito folletos 28/08/2012     2124-F-8 1190111 23/02/2023 23/02/2023 Folleto